Direitos territoriais indg̕enas Uma interpretaȯ̂ intercultural /

Detalles Bibliográficos
Autor principal: Araujo Junior, Julio Još
Formato: eBook
Lenguaje:portugués
Publicado: Rio de Janeiro: Editora Processo, 2018
Materias:
Acceso en línea:Acceso restringido

MARC

LEADER 00000nam a22000007a 4500
005 20220801232014.0
007 cr|||| ||||
008 220801s2018 br |||||s|||| 00||0 por d
020 |a 978-85-93741-28-9 
035 |a 36780 
040 |a vLex 
090 |c 13662  |d 13662 
100 1 |a Araujo Junior, Julio Još 
245 1 0 |a Direitos territoriais indg̕enas  |h [Recurso electrn̤ico] :  |b Uma interpretaȯ̂ intercultural /  |c Julio Jos ̌Araujo Junior 
256 |a Servicio en ln̕ea 
260 |a Rio de Janeiro:  |b Editora Processo,  |c 2018 
300 |a 1 recurso electrn̤ico 
500 |a "Nô hesito em afirmar que, pelo menos no campo jurd̕ico, esta obra ̌o que se escreveu de melhor no Brasil sobre os direitos dos povos indg̕enas. Pela profundidade e qualidade m̕pares, podia ser uma excelente tese de titularidade em universidade de ponta. Trata-se de um estudo de direito constitucional, mas que recorre com frequn̊cia e propriedade a outras disciplinas, especialmente ̉filosofia polt̕ica, ̉histr̤ia e ̉antropologia. A interdisciplinaridade ̌sempre enriquecedora na seara constitucional. Na matřia indg̕ena, porm̌, ela ̌mais que isso: ̌indispensv̀el. Julio valeu-se muito bem da interdisciplinariedade, recorrendo s̉ melhores fontes, nô para mostrar erudiȯ̂, mas para bem construir seus argumentos. E foi generoso com o leitor, ao traduzir para os nô iniciados as construė̳s e jarge̳s de outros saberes, tornando fluida a leitura do texto. A qualidade do texto, alis̀, ̌outra grande virtude do livro. O trabalho ̌escrito de forma primorosa, do comeȯ ao fim. É claro, fc̀il de ler, saboroso, apesar da complexidade do tema e da densidade da elaboraȯ̂ ter̤ica que apresenta. H ̀passagens bels̕simas, poťicas at,̌ que revelam verdadeiro talento literr̀io.Trata-se, enfim, de um trabalho verdadeiramente antolg̤ico. Um livro que faz pensar e emociona; que inspira e convida ̉aȯ̂. Uma obra indispensv̀el, nô apenas para os que se preocupam com os povos indg̕enas, mas para todos aqueles que valorizam os direitos humanos, a justiȧ e a emancipaȯ̂.(Daniel Sarmento, Professor Titular de Direito Constitucional da UERJ)" 
506 1 |a Disponible solo en los productos indicados  |d vLex Global  |d vLex Global (Academic Edition, excluding Law Schools)  |d vLex Global (U.S. Academic Edition, Law Schools)  |d vLex Global (U.S. Academic Edition, excluding Law Schools)  |d vLex Global (Academic Edition, Law Schools) 
650 0 4 |a Derecho Constitucional  |z Brasil 
740 0 |a vLex Libros (Servicio en ln̕ea) 
856 4 0 |u https://app.vlex.com/#/sources/36780  |z Acceso restringido 
942 |c BOOK 
999 0 |a Constitutional right